000 00260nam a2200109Ia 4500
008 220204s9999 xx 000 0 und d
082 _a177.3
_bPIL
100 _aPILLAI, C S
245 0 _aTruth, infinity, love
260 _aMadras
_bVedanta Society
942 _cBK
999 _c38272
_d38272